| 000 | 00000nam 2200000za 4500 |
| 001 | 9.849714 |
| 003 | CaOODSP |
| 005 | 20221107154001 |
| 007 | cr ||||||||||| |
| 008 | 180108s2000 onc |o f000 0 fre d |
| 020 | |z0-662-64838-2 |
| 040 | |aCaOODSP|bfre |
| 043 | |an-cn--- |
| 086 | 1 |aR32-209/2000F-PDF|zR32-209/2000 |
| 245 | 00|aExamen général quinquennal du plan de mise en oeuvre du SAHTU |h[ressource électronique] : |b23 juin 1994 - 22 juin 1999. |
| 260 | |aOttawa : |bministre des Affaires indiennes et du Nord canadien, |c2000. |
| 300 | |a15 p. |
| 500 | |aPubl. aussi en anglais sous le titre : Five-year general review of the SAHTU Implementation Plan. |
| 500 | |aÉdition numérisée de l’imprimé [par Affaires autochtones et du Nord Canada]. |
| 504 | |aComprend des références bibliographiques. |
| 692 | 07|2gccst|aTerres autochtones |
| 692 | 07|2gccst|aRevendication territoriale |
| 710 | 1 |aCanada. |bAffaires autochtones et du Nord Canada. |
| 775 | 08|tFive-year general review of the SAHTU Implementation Plan |w(CaOODSP)9.849712 |
| 856 | 40|qPDF|s1.73 Mo|uhttps://publications.gc.ca/collections/collection_2018/aanc-inac/R32-209-2000-fra.pdf |
| 986 | |aQS-5350-000-BB-A1 |